[Event "WCO 2016"]
[Site "?"]
[Date "2016.09.13"]
[Round "11"]
[Board "13"]
[WhiteID "2204185"]
[White "Calzetta Ruiz Monica"]
[BlackID "3900754"]
[Black "Sanchez Castillo Sarai Carolina"]
[Result "1-0"]
[BlackElo "2182"]
[WhiteElo "2249"]
[LiveChessVersion "1.4.8"]

1. e4 {[%clk 1:30:57]} e6 {[%clk 1:30:59]} 2. d4 {[%clk 1:31:20]} d5
{[%clk 1:31:27]} 3. Bd3 {[%clk 1:31:14]} Nf6 {[%clk 1:31:20]} 4. e5
{[%clk 1:32:00]} Nfd7 {[%clk 1:31:48]} 5. f4 {[%clk 1:32:19]} c5 {[%clk 1:32:16]}
6. c3 {[%clk 1:32:44]} Nc6 {[%clk 1:32:40]} 7. Nf3 {[%clk 1:33:09]} Qb6
{[%clk 1:32:05]} 8. Bc2 {[%clk 1:33:18]} cxd4 {[%clk 1:29:37]} 9. cxd4
{[%clk 1:33:40]} Nb4 {[%clk 1:30:01]} 10. O-O {[%clk 1:34:02]} Nxc2
{[%clk 1:28:40]} 11. Qxc2 {[%clk 1:34:25]} Qc6 {[%clk 1:29:08]} 12. Nc3
{[%clk 1:30:03]} b5 {[%clk 1:23:31]} 13. f5 {[%clk 1:24:27]} Nb6 {[%clk 0:21:02]}
14. fxe6 {[%clk 1:18:10]} Bxe6 {[%clk 0:21:02]} 15. Qf2 {[%clk 0:59:27]} h6
{[%clk 0:18:27]} 16. Bf4 {[%clk 0:52:23]} b4 {[%clk 0:12:37]} 17. Nd1
{[%clk 0:48:53]} a5 {[%clk 0:09:50]} 18. Rc1 {[%clk 0:47:01]} Qd7
{[%clk 0:09:57]} 19. b3 {[%clk 0:45:05]} a4 {[%clk 0:09:20]} 20. h4
{[%clk 0:36:47]} axb3 {[%clk 0:08:11]} 21. axb3 {[%clk 0:37:14]} Ra3
{[%clk 0:07:41]} 22. Qc2 {[%clk 0:34:09]} Be7 {[%clk 0:07:08]} 23. Ne3
{[%clk 0:27:08]} O-O {[%clk 0:03:33]} 24. h5 {[%clk 0:21:28]} Rc8
{[%clk 0:02:21]} 25. Qb1 {[%clk 0:20:15]} Rca8 {[%clk 0:00:55]} 26. Rf2
{[%clk 0:18:10]} Qb5 {[%clk 0:00:31]} 27. Nf5 {[%clk 0:17:15]} Bf8
{[%clk 0:00:37]} 28. Nd6 {[%clk 0:16:29]} Qa6 {[%clk 0:00:34]} 29. Kh2
{[%clk 0:13:29]} Nc8 {[%clk 0:00:34]} 30. Ne8 {[%clk 0:11:46]} Ra1
{[%clk 0:00:33]} 31. Qc2 {[%clk 0:11:04]} Ra2 {[%clk 0:00:36]} 32. Qxa2
{[%clk 0:11:02]} Qxa2 {[%clk 0:01:04]} 33. Rxa2 {[%clk 0:11:25]} Rxa2
{[%clk 0:01:33]} 34. Nc7 {[%clk 0:11:42]} Na7 {[%clk 0:00:37]} 35. Nxe6
{[%clk 0:10:54]} fxe6 {[%clk 0:01:06]} 36. Rc7 {[%clk 0:09:24]} Nb5
{[%clk 0:00:34]} 37. Rc8 {[%clk 0:08:49]} Nc3 {[%clk 0:00:31]} 38. Nh4
{[%clk 0:08:52]} Rf2 {[%clk 0:00:35]} 39. Ng6 {[%clk 0:09:05]} 1-0

[Event "WCO 2016"]
[Site "?"]
[Date "2016.09.13"]
[Round "11"]
[Board "14"]
[WhiteID "3900517"]
[White "Montilla Reyes Jorcerys"]
[BlackID "2219026"]
[Black "Vega Gutierrez Sabrina"]
[Result "0-1"]
[BlackElo "2411"]
[WhiteElo "2194"]
[LiveChessVersion "1.4.8"]

1. d4 {[%clk 1:30:57]} d5 {[%clk 1:30:49]} 2. c4 {[%clk 1:31:20]} e6
{[%clk 1:31:04]} 3. Nc3 {[%clk 1:31:43]} c6 {[%clk 1:31:27]} 4. Nf3
{[%clk 1:31:55]} dxc4 {[%clk 1:31:36]} 5. e3 {[%clk 1:29:28]} b5 {[%clk 1:31:51]}
6. a4 {[%clk 1:28:55]} Bb4 {[%clk 1:32:04]} 7. Bd2 {[%clk 1:26:48]} a5
{[%clk 1:32:13]} 8. Ne5 {[%clk 1:23:57]} Nf6 {[%clk 1:20:57]} 9. Qf3
{[%clk 1:22:28]} Bxc3 {[%clk 1:14:40]} 10. Bxc3 {[%clk 1:22:00]} Ra6
{[%clk 0:32:54]} 11. b3 {[%clk 1:17:36]} b4 {[%clk 0:31:02]} 12. Bd2
{[%clk 1:10:20]} c3 {[%clk 0:31:30]} 13. Bc1 {[%clk 1:10:44]} O-O
{[%clk 0:31:56]} 14. Bc4 {[%clk 1:05:06]} c5 {[%clk 0:31:45]} 15. O-O
{[%clk 0:55:26]} cxd4 {[%clk 0:32:13]} 16. exd4 {[%clk 0:54:49]} Qxd4
{[%clk 0:32:38]} 17. Bf4 {[%clk 0:53:13]} Bb7 {[%clk 0:21:15]} 18. Qxb7
{[%clk 0:50:34]} Qxf4 {[%clk 0:21:43]} 19. Rae1 {[%clk 0:50:28]} Rd6
{[%clk 0:21:09]} 20. Qc7 {[%clk 0:43:52]} Qd4 {[%clk 0:21:19]} 21. Qxa5
{[%clk 0:40:52]} Ne4 {[%clk 0:20:52]} 22. Qxb4 {[%clk 0:33:43]} Nd2
{[%clk 0:18:10]} 23. Nxf7 {[%clk 0:31:58]} Rxf7 {[%clk 0:16:08]} 24. Qxb8+
{[%clk 0:31:37]} Rd8 {[%clk 0:16:36]} 25. Qg3 {[%clk 0:23:48]} Nxf1
{[%clk 0:17:02]} 26. Kxf1 {[%clk 0:24:13]} Kh8 {[%clk 0:15:54]} 27. f3
{[%clk 0:16:40]} c2 {[%clk 0:15:17]} 28. Qg5 {[%clk 0:15:50]} Qd2
{[%clk 0:12:21]} 29. Qxd2 {[%clk 0:10:02]} Rxd2 {[%clk 0:12:46]} 30. Be2
{[%clk 0:10:26]} Rfd7 {[%clk 0:13:00]} 0-1

[Event "WCO 2016"]
[Site "?"]
[Date "2016.09.13"]
[Round "11"]
[Board "15"]
[WhiteID "13601377"]
[White "Matnadze Ana"]
[BlackID "3903001"]
[Black "Varela La Madrid Tilsia Carolina"]
[Result "1-0"]
[BlackElo "2035"]
[WhiteElo "2383"]
[LiveChessVersion "1.4.8"]

1. d4 {[%clk 1:30:56]} d5 {[%clk 1:30:49]} 2. Nf3 {[%clk 1:31:19]} Nf6
{[%clk 1:31:10]} 3. c4 {[%clk 1:31:05]} c6 {[%clk 1:31:30]} 4. e3
{[%clk 1:30:40]} Bf5 {[%clk 1:31:03]} 5. Nc3 {[%clk 1:30:38]} e6 {[%clk 1:30:32]}
6. Bd3 {[%clk 1:30:47]} Bxd3 {[%clk 1:29:04]} 7. Qxd3 {[%clk 1:31:14]} Nbd7
{[%clk 1:29:22]} 8. O-O {[%clk 1:31:15]} Bd6 {[%clk 1:29:18]} 9. b3
{[%clk 1:28:19]} O-O {[%clk 1:29:03]} 10. Bb2 {[%clk 1:28:22]} Qe7
{[%clk 1:28:16]} 11. e4 {[%clk 1:27:40]} dxe4 {[%clk 1:26:34]} 12. Nxe4
{[%clk 1:28:06]} Nxe4 {[%clk 1:24:27]} 13. Qxe4 {[%clk 1:28:31]} Rfe8
{[%clk 1:21:48]} 14. Rad1 {[%clk 1:27:57]} Nf6 {[%clk 1:17:31]} 15. Qh4
{[%clk 1:27:49]} Rad8 {[%clk 1:15:43]} 16. Rfe1 {[%clk 1:25:03]} Bb8
{[%clk 1:12:02]} 17. Ne5 {[%clk 1:16:55]} Bxe5 {[%clk 1:09:06]} 18. dxe5
{[%clk 1:17:02]} Nd5 {[%clk 1:02:59]} 19. Qg3 {[%clk 1:05:38]} Nb6
{[%clk 0:58:45]} 20. Rd6 {[%clk 1:04:43]} Nc8 {[%clk 0:49:22]} 21. c5
{[%clk 0:59:06]} Qc7 {[%clk 0:34:36]} 22. Red1 {[%clk 0:49:49]} Ne7
{[%clk 0:33:51]} 23. h4 {[%clk 0:39:16]} Nf5 {[%clk 0:29:43]} 24. Qc3
{[%clk 0:34:27]} Ne7 {[%clk 0:24:55]} 25. R1d3 {[%clk 0:26:44]} Nd5
{[%clk 0:24:42]} 26. Qd2 {[%clk 0:26:53]} Qe7 {[%clk 0:24:39]} 27. g3
{[%clk 0:26:06]} b6 {[%clk 0:20:32]} 28. Bd4 {[%clk 0:19:45]} bxc5
{[%clk 0:14:08]} 29. Bxc5 {[%clk 0:20:09]} Rxd6 {[%clk 0:13:57]} 30. exd6
{[%clk 0:19:18]} Qd7 {[%clk 0:12:43]} 31. Qa5 {[%clk 0:17:28]} Rd8
{[%clk 0:12:06]} 32. Rd4 {[%clk 0:14:21]} e5 {[%clk 0:11:20]} 33. Re4
{[%clk 0:14:13]} f6 {[%clk 0:11:31]} 34. Ra4 {[%clk 0:10:39]} Ra8
{[%clk 0:11:10]} 35. Qd2 {[%clk 0:10:01]} a6 {[%clk 0:03:16]} 36. Qd3
{[%clk 0:09:08]} Qb7 {[%clk 0:01:34]} 37. Qf5 {[%clk 0:09:20]} g6
{[%clk 0:00:54]} 38. Qe6+ {[%clk 0:04:55]} 1-0

[Event "WCO 2016"]
[Site "?"]
[Date "2016.09.13"]
[Round "11"]
[Board "16"]
[WhiteID "3900630"]
[White "Ubaldo Suarez Maria Gisela"]
[BlackID "22200371"]
[Black "Aranaz Murillo Amalia"]
[Result "1-0"]
[BlackElo "2279"]
[WhiteElo "2062"]
[LiveChessVersion "1.4.8"]

1. d4 {[%clk 1:30:54]} Nf6 {[%clk 1:30:53]} 2. Nf3 {[%clk 1:31:09]} c5
{[%clk 1:29:55]} 3. d5 {[%clk 1:29:40]} g6 {[%clk 1:30:07]} 4. g3
{[%clk 1:29:26]} Bg7 {[%clk 1:29:55]} 5. Bg2 {[%clk 1:29:49]} O-O
{[%clk 1:30:15]} 6. O-O {[%clk 1:30:12]} d6 {[%clk 1:30:34]} 7. c4
{[%clk 1:29:00]} b5 {[%clk 1:30:23]} 8. cxb5 {[%clk 1:24:44]} a6 {[%clk 1:30:42]}
9. b6 {[%clk 1:24:08]} Nbd7 {[%clk 1:30:53]} 10. Nc3 {[%clk 1:24:25]} Rb8
{[%clk 1:31:04]} 11. h3 {[%clk 1:23:25]} Nxb6 {[%clk 1:28:54]} 12. e4
{[%clk 1:18:35]} Nfd7 {[%clk 1:24:03]} 13. Qe2 {[%clk 1:16:30]} Na8
{[%clk 1:16:36]} 14. Bf4 {[%clk 1:10:21]} f6 {[%clk 1:10:02]} 15. Rac1
{[%clk 1:01:59]} Nc7 {[%clk 1:09:44]} 16. a4 {[%clk 1:01:41]} a5 {[%clk 1:06:36]}
17. Rfe1 {[%clk 1:01:40]} Ba6 {[%clk 0:58:18]} 18. Qc2 {[%clk 1:00:40]} Rb7
{[%clk 0:56:21]} 19. Nd1 {[%clk 0:46:17]} Qa8 {[%clk 0:49:06]} 20. Bd2
{[%clk 0:42:34]} Rc8 {[%clk 0:41:30]} 21. h4 {[%clk 0:32:46]} Ne8
{[%clk 0:37:26]} 22. h5 {[%clk 0:31:21]} g5 {[%clk 0:37:25]} 23. Ne3
{[%clk 0:30:04]} Rcb8 {[%clk 0:33:01]} 24. Bc3 {[%clk 0:28:39]} Bf8
{[%clk 0:29:34]} 25. Bh3 {[%clk 0:26:04]} Ne5 {[%clk 0:28:21]} 26. Nxe5
{[%clk 0:24:22]} dxe5 {[%clk 0:26:56]} 27. Be6+ {[%clk 0:18:15]} Kh8
{[%clk 0:27:17]} 28. d6 {[%clk 0:17:37]} Nxd6 {[%clk 0:24:26]} 29. Bd5
{[%clk 0:17:50]} Qa7 {[%clk 0:24:48]} 30. Bxb7 {[%clk 0:17:49]} Bxb7
{[%clk 0:25:09]} 31. Nd5 {[%clk 0:16:41]} Nxe4 {[%clk 0:15:10]} 32. Qxe4
{[%clk 0:16:02]} e6 {[%clk 0:15:35]} 33. Qf3 {[%clk 0:13:54]} Be7
{[%clk 0:12:16]} 34. Rxe5 {[%clk 0:11:23]} Bxd5 {[%clk 0:12:40]} 35. Rxd5
{[%clk 0:11:28]} exd5 {[%clk 0:13:03]} 36. Qxd5 {[%clk 0:11:41]} Rf8
{[%clk 0:10:40]} 37. Qxg5 {[%clk 0:11:36]} Qd7 {[%clk 0:10:09]} 38. h6
{[%clk 0:10:26]} Rf7 {[%clk 0:10:31]} 39. Re1 {[%clk 0:09:33]} Qd8
{[%clk 0:08:12]} 40. Re6 {[%clk 0:35:23]} Qf8 {[%clk 0:36:07]} 41. Qe3
{[%clk 0:33:06]} Kg8 {[%clk 0:36:07]} 42. Bxa5 {[%clk 0:33:07]} Qe8
{[%clk 0:35:37]} 43. Bc3 {[%clk 0:32:01]} Qd7 {[%clk 0:35:50]} 44. a5
{[%clk 0:32:07]} Qd1+ {[%clk 0:33:07]} 45. Kg2 {[%clk 0:28:43]} Qd7
{[%clk 0:33:03]} 46. a6 {[%clk 0:28:57]} Qa7 {[%clk 0:33:07]} 47. Qe4
{[%clk 0:28:28]} Bf8 {[%clk 0:33:20]} 48. Qg4+ {[%clk 0:28:20]} 1-0

[Event "WCO 2016"]
[Site "?"]
[Date "2016.09.13"]
[Round "11"]
[Board "17"]
[WhiteID "4264312"]
[White "Tsolakidou Stavroula"]
[BlackID "305650"]
[Black "Ptacnikova Lenka"]
[Result "1-0"]
[BlackElo "2159"]
[WhiteElo "2355"]
[LiveChessVersion "1.4.8"]

1. d4 {[%clk 1:30:57]} d5 {[%clk 1:30:55]} 2. c4 {[%clk 1:31:18]} dxc4
{[%clk 1:31:14]} 3. Nf3 {[%clk 1:31:37]} Nf6 {[%clk 1:31:35]} 4. e3
{[%clk 1:31:56]} e6 {[%clk 1:31:52]} 5. Bxc4 {[%clk 1:32:15]} a6 {[%clk 1:32:19]}
6. O-O {[%clk 1:32:20]} c5 {[%clk 1:32:36]} 7. Bd3 {[%clk 1:32:33]} Nc6
{[%clk 1:29:45]} 8. Nc3 {[%clk 1:32:49]} cxd4 {[%clk 1:25:36]} 9. exd4
{[%clk 1:33:10]} Nb4 {[%clk 1:25:48]} 10. Bb1 {[%clk 1:03:55]} Be7
{[%clk 1:24:35]} 11. Bg5 {[%clk 1:03:52]} O-O {[%clk 1:23:08]} 12. Re1
{[%clk 0:57:53]} Nbd5 {[%clk 1:01:56]} 13. Ne5 {[%clk 0:56:10]} g6
{[%clk 0:49:59]} 14. Bh6 {[%clk 0:37:09]} Re8 {[%clk 0:49:30]} 15. Qf3
{[%clk 0:36:54]} Nxc3 {[%clk 0:41:05]} 16. bxc3 {[%clk 0:37:06]} Bd7
{[%clk 0:30:03]} 17. Qxb7 {[%clk 0:33:55]} Rc8 {[%clk 0:24:25]} 18. Qf3
{[%clk 0:30:18]} Qc7 {[%clk 0:16:28]} 19. Bd2 {[%clk 0:29:11]} Bc6
{[%clk 0:13:30]} 20. Qh3 {[%clk 0:22:07]} Ba3 {[%clk 0:11:18]} 21. Bd3
{[%clk 0:20:42]} Bb7 {[%clk 0:06:15]} 22. Rab1 {[%clk 0:19:43]} Bd6
{[%clk 0:06:28]} 23. Qh4 {[%clk 0:17:13]} Nd7 {[%clk 0:05:06]} 24. Nxf7
{[%clk 0:15:57]} Nf8 {[%clk 0:01:51]} 25. Nxd6 {[%clk 0:16:08]} 1-0

[Event "WCO 2016"]
[Site "?"]
[Date "2016.09.13"]
[Round "11"]
[Board "18"]
[WhiteID "2300753"]
[White "Thorsteinsdottir Gudlaug"]
[BlackID "4213262"]
[Black "Pavlidou Ekaterini"]
[Result "0-1"]
[BlackElo "2140"]
[WhiteElo "2046"]
[LiveChessVersion "1.4.8"]

1. d4 {[%clk 1:30:59]} Nf6 {[%clk 1:30:40]} 2. c4 {[%clk 1:31:26]} e6
{[%clk 1:30:45]} 3. Nf3 {[%clk 1:31:48]} b6 {[%clk 1:30:55]} 4. g3
{[%clk 1:32:07]} Ba6 {[%clk 1:31:13]} 5. b3 {[%clk 1:32:16]} Bb4+
{[%clk 1:31:27]} 6. Bd2 {[%clk 1:32:31]} Be7 {[%clk 1:31:39]} 7. Bg2
{[%clk 1:32:49]} d5 {[%clk 1:31:25]} 8. O-O {[%clk 1:27:12]} c6 {[%clk 1:30:55]}
9. Ne5 {[%clk 1:24:52]} Nfd7 {[%clk 1:30:07]} 10. Nxd7 {[%clk 1:24:47]} Nxd7
{[%clk 1:30:24]} 11. Qc2 {[%clk 1:22:30]} O-O {[%clk 1:28:19]} 12. Bc1
{[%clk 1:13:06]} Rc8 {[%clk 1:27:03]} 13. Bb2 {[%clk 1:12:24]} f5
{[%clk 1:25:57]} 14. Nd2 {[%clk 1:12:02]} Nf6 {[%clk 1:23:24]} 15. Nf3
{[%clk 1:11:02]} Ne4 {[%clk 1:20:05]} 16. Rfd1 {[%clk 1:01:38]} Qe8
{[%clk 1:17:47]} 17. Ne5 {[%clk 0:59:01]} c5 {[%clk 1:16:13]} 18. Rac1
{[%clk 0:54:38]} b5 {[%clk 1:12:04]} 19. e3 {[%clk 0:37:41]} bxc4
{[%clk 1:10:23]} 20. bxc4 {[%clk 0:37:58]} cxd4 {[%clk 1:06:40]} 21. Bxd4
{[%clk 0:33:01]} Bf6 {[%clk 0:56:33]} 22. Qb2 {[%clk 0:23:30]} dxc4
{[%clk 0:52:50]} 23. f4 {[%clk 0:22:17]} Qe7 {[%clk 0:44:30]} 24. Bxe4
{[%clk 0:22:04]} fxe4 {[%clk 0:44:48]} 25. Qc2 {[%clk 0:21:32]} Rfd8
{[%clk 0:36:57]} 26. Qa4 {[%clk 0:18:34]} Rd6 {[%clk 0:29:30]} 27. Rc3
{[%clk 0:15:28]} Bxe5 {[%clk 0:25:38]} 28. fxe5 {[%clk 0:15:23]} Rdc6
{[%clk 0:25:27]} 29. Rf1 {[%clk 0:15:11]} R8c7 {[%clk 0:24:41]} 30. Qc2
{[%clk 0:15:20]} Bc8 {[%clk 0:23:55]} 31. Qe2 {[%clk 0:14:20]} Bd7
{[%clk 0:23:18]} 32. Qg4 {[%clk 0:13:19]} Be8 {[%clk 0:20:59]} 33. Qxe4
{[%clk 0:13:33]} Bg6 {[%clk 0:20:24]} 34. Qf3 {[%clk 0:12:13]} Qe8
{[%clk 0:20:16]} 35. Qg2 {[%clk 0:11:27]} Bd3 {[%clk 0:19:27]} 36. Rfc1
{[%clk 0:11:39]} Qg6 {[%clk 0:18:18]} 37. Qh3 {[%clk 0:01:35]} Rf7
{[%clk 0:17:15]} 38. Qh4 {[%clk 0:00:37]} Rc8 {[%clk 0:16:26]} 39. Re1
{[%clk 0:00:43]} Rcf8 {[%clk 0:14:47]} 40. Rcc1 {[%clk 0:30:48]} h5
{[%clk 0:38:30]} 41. Bc5 {[%clk 0:25:48]} Rb8 {[%clk 0:29:03]} 42. Bd4
{[%clk 0:24:46]} Rf3 {[%clk 0:24:45]} 43. e4 {[%clk 0:18:32]} Qh6
{[%clk 0:20:46]} 44. Rcd1 {[%clk 0:17:55]} Rbf8 {[%clk 0:18:43]} 45. Qe7
{[%clk 0:11:39]} Qg6 {[%clk 0:18:23]} 46. Qh4 {[%clk 0:09:22]} R8f4
{[%clk 0:16:44]} 47. Qh3 {[%clk 0:08:48]} Rg4 {[%clk 0:14:28]} 48. Bf2
{[%clk 0:05:56]} Bxe4 {[%clk 0:13:06]} 49. Rd8+ {[%clk 0:06:14]} Kh7
{[%clk 0:13:29]} 50. Rc8 {[%clk 0:05:05]} Bd5 {[%clk 0:11:46]} 51. Rc1
{[%clk 0:02:55]} Qf5 {[%clk 0:11:16]} 52. Bxa7 {[%clk 0:02:21]} Rgxg3+
{[%clk 0:11:06]} 53. hxg3 {[%clk 0:02:12]} 0-1

[Event "WCO 2016"]
[Site "?"]
[Date "2016.09.13"]
[Round "11"]
[Board "19"]
[WhiteID "4239873"]
[White "Avramidou Anastasia"]
[BlackID "2302454"]
[Black "Thorsteinsdottir Hallgerdur"]
[Result "1/2-1/2"]
[BlackElo "2015"]
[WhiteElo "2273"]
[LiveChessVersion "1.4.8"]

1. d4 {[%clk 1:30:57]} Nf6 {[%clk 1:30:51]} 2. c4 {[%clk 1:31:21]} g6
{[%clk 1:31:11]} 3. Nc3 {[%clk 1:31:48]} d5 {[%clk 1:31:31]} 4. cxd5
{[%clk 1:32:00]} Nxd5 {[%clk 1:31:46]} 5. e4 {[%clk 1:32:23]} Nxc3
{[%clk 1:32:03]} 6. bxc3 {[%clk 1:32:49]} Bg7 {[%clk 1:32:20]} 7. Bc4
{[%clk 1:32:12]} c5 {[%clk 1:32:20]} 8. Ne2 {[%clk 1:32:37]} Nc6 {[%clk 1:32:25]}
9. Be3 {[%clk 1:32:45]} O-O {[%clk 1:32:26]} 10. O-O {[%clk 1:33:10]} Qc7
{[%clk 1:32:25]} 11. dxc5 {[%clk 1:32:10]} Ne5 {[%clk 1:27:09]} 12. Bb3
{[%clk 1:29:08]} Ng4 {[%clk 1:21:09]} 13. Bf4 {[%clk 1:29:29]} Be5
{[%clk 1:20:47]} 14. Bxe5 {[%clk 1:29:02]} Qxe5 {[%clk 1:20:39]} 15. Ng3
{[%clk 1:27:44]} Qxc5 {[%clk 1:19:33]} 16. h3 {[%clk 1:13:56]} Ne5
{[%clk 1:08:13]} 17. Qd4 {[%clk 1:14:10]} Qc7 {[%clk 1:01:44]} 18. f4
{[%clk 1:08:20]} Nc6 {[%clk 1:01:44]} 19. Qc5 {[%clk 1:08:38]} Qa5
{[%clk 0:55:05]} 20. Qe3 {[%clk 1:04:09]} b6 {[%clk 0:54:17]} 21. Bd5
{[%clk 0:51:18]} Bd7 {[%clk 0:52:21]} 22. f5 {[%clk 0:46:38]} Qc5
{[%clk 0:51:23]} 23. Qxc5 {[%clk 0:45:31]} bxc5 {[%clk 0:51:46]} 24. Rab1
{[%clk 0:42:27]} e6 {[%clk 0:31:46]} 25. Rb7 {[%clk 0:40:02]} exd5
{[%clk 0:31:28]} 26. Rxd7 {[%clk 0:40:26]} d4 {[%clk 0:31:21]} 27. Rd5
{[%clk 0:40:30]} dxc3 {[%clk 0:26:32]} 28. Rxc5 {[%clk 0:40:55]} Rac8
{[%clk 0:25:14]} 29. Rxc3 {[%clk 0:37:12]} Nb4 {[%clk 0:25:26]} 30. Ra3
{[%clk 0:36:58]} Rc2 {[%clk 0:24:31]} 31. fxg6 {[%clk 0:35:46]} hxg6
{[%clk 0:22:44]} 32. Ra4 {[%clk 0:32:46]} Nxa2 {[%clk 0:20:38]} 33. Rxa7
{[%clk 0:31:22]} Nc3 {[%clk 0:20:03]} 34. Rf2 {[%clk 0:29:22]} Rc1+
{[%clk 0:18:42]} 35. Kh2 {[%clk 0:26:04]} Nb5 {[%clk 0:15:04]} 36. Rd7
{[%clk 0:24:18]} Rc7 {[%clk 0:13:19]} 37. Rd3 {[%clk 0:20:46]} Re7
{[%clk 0:12:23]} 38. Rf4 {[%clk 0:15:38]} Rfe8 {[%clk 0:10:20]} 39. h4
{[%clk 0:12:33]} Re5 {[%clk 0:08:36]} 40. h5 {[%clk 0:34:22]} gxh5
{[%clk 0:31:56]} 41. Rd7 {[%clk 0:27:57]} R8e7 {[%clk 0:25:25]} 42. Rxe7
{[%clk 0:27:54]} Rxe7 {[%clk 0:25:49]} 43. Nxh5 {[%clk 0:28:19]} Re5
{[%clk 0:22:35]} 44. g4 {[%clk 0:24:30]} Nc7 {[%clk 0:21:09]} 45. Rf5
{[%clk 0:16:34]} Rxf5 {[%clk 0:18:24]} 46. gxf5 {[%clk 0:17:00]} Kf8
{[%clk 0:18:14]} 47. Kg3 {[%clk 0:16:12]} Ke7 {[%clk 0:17:32]} 48. Kf4
{[%clk 0:10:41]} f6 {[%clk 0:15:21]} 49. Ke3 {[%clk 0:10:22]} Na6
{[%clk 0:12:27]} 50. Kd4 {[%clk 0:09:25]} Nb8 {[%clk 0:12:12]} 51. Kd5
{[%clk 0:07:25]} Nd7 {[%clk 0:12:12]} 52. Nf4 {[%clk 0:07:08]} Kf7
{[%clk 0:10:56]} 53. Kd6 {[%clk 0:05:49]} Ne5 {[%clk 0:10:26]} 54. Nd5
{[%clk 0:03:49]} Nc4+ {[%clk 0:10:12]} 55. Kd7 {[%clk 0:04:08]} Ne5+
{[%clk 0:10:26]} 56. Kc7 {[%clk 0:04:35]} Nd3 {[%clk 0:10:23]} 57. Kd8
{[%clk 0:04:24]} Nf2 {[%clk 0:09:15]} 58. Nc3 {[%clk 0:04:42]} Kf8
{[%clk 0:09:20]} 59. Kd7 {[%clk 0:04:43]} Kf7 {[%clk 0:09:34]} 60. Nb5
{[%clk 0:04:14]} Ng4 {[%clk 0:08:39]} 61. Nd6+ {[%clk 0:04:36]} Kg7
{[%clk 0:07:43]} 62. Ke6 {[%clk 0:03:27]} Kh6 {[%clk 0:07:36]} 63. Ne8
{[%clk 0:02:42]} Kg5 {[%clk 0:07:47]} 64. Kf7 {[%clk 0:00:41]} Nf2
{[%clk 0:07:07]} 65. Nxf6 {[%clk 0:00:44]} Nxe4 {[%clk 0:07:26]} 66. Nxe4+
{[%clk 0:01:12]} Kxf5 {[%clk 0:07:48]} 1/2-1/2

[Event "WCO 2016"]
[Site "?"]
[Date "2016.09.13"]
[Round "11"]
[Board "20"]
[WhiteID "2302608"]
[White "Hauksdottir Hrund"]
[BlackID "4203593"]
[Black "Kouvatsou Maria"]
[Result "1/2-1/2"]
[BlackElo "2085"]
[WhiteElo "1793"]
[LiveChessVersion "1.4.8"]

1. e4 {[%clk 1:30:58]} e5 {[%clk 1:30:54]} 2. Nf3 {[%clk 1:31:14]} Nf6
{[%clk 1:31:18]} 3. Nxe5 {[%clk 1:31:09]} d6 {[%clk 1:31:41]} 4. Nf3
{[%clk 1:31:22]} Nxe4 {[%clk 1:32:05]} 5. Nc3 {[%clk 1:31:04]} Nxc3
{[%clk 1:31:16]} 6. dxc3 {[%clk 1:31:16]} Be7 {[%clk 1:30:31]} 7. Be3
{[%clk 1:31:07]} Nc6 {[%clk 1:28:29]} 8. Qd2 {[%clk 1:29:56]} Be6
{[%clk 1:27:16]} 9. O-O-O {[%clk 1:25:24]} Qd7 {[%clk 1:25:42]} 10. Kb1
{[%clk 1:20:23]} a6 {[%clk 1:20:13]} 11. Be2 {[%clk 1:14:39]} Ne5
{[%clk 1:06:30]} 12. h3 {[%clk 1:07:19]} h6 {[%clk 0:52:48]} 13. Nd4
{[%clk 1:00:24]} Nc4 {[%clk 0:46:17]} 14. Bxc4 {[%clk 0:56:02]} Bxc4
{[%clk 0:46:41]} 15. g4 {[%clk 0:55:06]} Be6 {[%clk 0:38:04]} 16. Rhe1
{[%clk 0:52:16]} O-O-O {[%clk 0:36:56]} 17. Nxe6 {[%clk 0:35:06]} fxe6
{[%clk 0:37:18]} 18. Qd4 {[%clk 0:34:52]} Bf6 {[%clk 0:35:55]} 19. Qc4
{[%clk 0:26:34]} Rhe8 {[%clk 0:32:08]} 20. Bf4 {[%clk 0:17:56]} Qb5
{[%clk 0:29:35]} 21. Qxb5 {[%clk 0:14:11]} axb5 {[%clk 0:29:58]} 22. Re2
{[%clk 0:11:57]} Bh4 {[%clk 0:28:19]} 23. Bg3 {[%clk 0:08:59]} Bxg3
{[%clk 0:24:53]} 24. fxg3 {[%clk 0:09:24]} Kd7 {[%clk 0:25:16]} 25. Rf1
{[%clk 0:07:38]} Rf8 {[%clk 0:24:37]} 26. Ref2 {[%clk 0:06:30]} Rxf2
{[%clk 0:24:57]} 27. Rxf2 {[%clk 0:06:51]} Ke7 {[%clk 0:25:21]} 28. Kc1
{[%clk 0:05:30]} Ra8 {[%clk 0:20:24]} 29. a3 {[%clk 0:05:33]} c5 {[%clk 0:20:36]}
30. Kd2 {[%clk 0:05:17]} g5 {[%clk 0:13:13]} 31. h4 {[%clk 0:04:56]} Ra4
{[%clk 0:07:03]} 32. hxg5 {[%clk 0:04:10]} hxg5 {[%clk 0:07:23]} 33. Rh2
{[%clk 0:04:08]} Rxg4 {[%clk 0:07:37]} 34. Rh7+ {[%clk 0:04:09]} Kf6
{[%clk 0:08:01]} 35. Rxb7 {[%clk 0:04:07]} Rxg3 {[%clk 0:08:13]} 36. Rxb5
{[%clk 0:04:03]} Rg1 {[%clk 0:07:48]} 37. a4 {[%clk 0:03:38]} Ra1
{[%clk 0:04:39]} 38. b3 {[%clk 0:02:35]} Ke5 {[%clk 0:04:42]} 39. Rb8
{[%clk 0:02:50]} g4 {[%clk 0:04:19]} 40. Rf8 {[%clk 0:32:46]} g3 {[%clk 0:33:34]}
41. Rg8 {[%clk 0:33:07]} Kf4 {[%clk 0:30:29]} 42. Ke2 {[%clk 0:21:24]} Rc1
{[%clk 0:16:14]} 43. Kd2 {[%clk 0:20:30]} Rg1 {[%clk 0:15:51]} 44. Ke2
{[%clk 0:18:27]} Rc1 {[%clk 0:14:19]} 45. Kd2 {[%clk 0:18:27]} Ra1
{[%clk 0:14:43]} 46. Ke2 {[%clk 0:16:14]} d5 {[%clk 0:14:33]} 47. Rg7
{[%clk 0:11:30]} Rc1 {[%clk 0:14:32]} 48. Kd2 {[%clk 0:07:23]} Rg1
{[%clk 0:14:52]} 49. a5 {[%clk 0:05:49]} Ra1 {[%clk 0:07:09]} 50. b4
{[%clk 0:05:45]} cxb4 {[%clk 0:05:05]} 51. cxb4 {[%clk 0:06:07]} Kf3
{[%clk 0:05:28]} 52. Rf7+ {[%clk 0:06:14]} Ke4 {[%clk 0:04:59]} 53. Rg7
{[%clk 0:06:17]} Kf3 {[%clk 0:04:50]} 54. Rf7+ {[%clk 0:06:40]} Kg2
{[%clk 0:04:54]} 55. Rf6 {[%clk 0:06:25]} Kh2 {[%clk 0:03:43]} 56. Rh6+
{[%clk 0:06:36]} 1/2-1/2